Controlling in Nonprofit-Organisationen Erfolgsfaktoren und Instrumente

Saved in:
Bibliographic Details
Main Author: Horak, Christian
Format: Book
Language:German
Published: Wiesbaden Springer Fachmedien 1993
Series:DUV : Wirtschaftswissenschaft
Subjects:
Tags: Add Tag
No Tags, Be the first to tag this record!

MARC

LEADER 00000nam a2200000 4500
001 0197997
005 20240111124732.3
020 |a 978-3-8244-0169-7 
041 0 |a ger 
044 |a DE 
245 1 0 |a Controlling in Nonprofit-Organisationen  |b Erfolgsfaktoren und Instrumente  |c Christian Horak 
264 1 |a Wiesbaden  |b Springer Fachmedien  |c 1993 
300 |a 430 s. 
490 1 |a DUV : Wirtschaftswissenschaft 
830 0 |a DUV : Wirtschaftswissenschaft 
610 2 0 |a hospodárstvo podnikové 
610 2 0 |a organizácie neziskové 
610 2 0 |a kontroling 
610 2 0 |a vývoj 
610 2 0 |a koncepcie 
610 2 0 |a inštitúcia 
610 2 0 |a manažment 
610 2 0 |a riadenie podnikové 
610 2 0 |a riadenie strategické 
610 2 0 |a riadenie operatívne 
610 2 0 |a nástroje riadenia 
100 1 |a Horak, Christian